Licitações e contratos : (Record no. 1361)

MARC details
000 -LÍDER
Campo Fixo de Controle 00760nam a2200229 a 4500
001 - NÚMERO DE CONTROLE
Campo de Controle 1361
003 - IDENTIFICAÇÃO DO NÚMERO DE CONTROLE
Campo de Controle BR-CuiBMT
005 - DATA E HORA DA ÚLTIMA ATUALIZAÇÃO
Campo de Controle 20231205225901.0
008 - DADOS FIXOS
Dados Fixos 231204s2016 spba | 000 0 por d
040 ## - AGÊNCIA CATALOGADORA
Código da Agência Catalogadora BR-CuiBMT
Agência que transcreveu o registro BR-CuiBMT
080 ## - Nº DA CLASSIFICAÇÃO DECIMAL UNIVERSAL
Nº edição CDU 2007
Nº Class. CDU 351.712.2.02
090 ## - NÚMERO DE CHAMADA
Nº classificação 351.712.2.02
Cutter S239l
110 ## - ENTRADA PRINCIPAL -- ENTIDADE
Nome da entidade ou lugar São Paulo.
Unidade subordinada Tribunal de contas
245 ## - TÍTULO PRINCIPAL
Título principal Licitações e contratos :
Subtítulo principais aspectos da fase preparatória : manual básico /
Indicação de responsabilidade Tribunal de contas do Estado de São Paulo.
260 ## - PUBLICAÇÃO, DISTRIBUIÇÃO, ETC.
Local de publicação São Paulo :
Editora TCSP,
Data 2016.
300 ## - DESCRIÇÃO FÍSICA
N. páginas ou volumes 121 p. :
Ilustrações il. ;
Dimensões 23 cm
504 ## - NOTA DE BIBLIOGRAFIA, ETC.
Nota de bibliografia Inclui bibliografia.
650 ## - ASSUNTO TÓPICO
Cabeçalho tópico ou nome geográfico Gestão de contratos adminstrativos
650 ## - ASSUNTO TÓPICO
Cabeçalho tópico ou nome geográfico Licitação
Subdivisão geral Registro de preços
650 ## - ASSUNTO TÓPICO
Cabeçalho tópico ou nome geográfico Regularidade fiscal
942 ## - ELEMENTOS DE ENTRADA ADICIONAIS (KOHA)
Fonte de classificação ou esquema de arquivamento Classificação Decimal Universal
Tipo de item do Koha Livros
Holdings
Estado: removido Estado: perdido Fonte de classificação ou esquema de arquivamento Estado: danificado Indisponível para empréstimo Localização permanente Localização atual Data de aquisição Total Checkouts Número de Chamada completo Código de barras Date last seen Número do exemplar Preço efetivo a partir de Tipo de item (Koha)
    Classificação Decimal Universal     Biblioteca da Escola Superior de Contas do TCE/MT Biblioteca da Escola Superior de Contas do TCE/MT 05/12/2023   351.712.2.02 S239l BIBTCEMT23120239 05/12/2023 Ex. 1 05/12/2023 Livros

Powered by Koha